W gnieździe drukarstwa polskiego

Titel: W gnieździe drukarstwa polskiego : z okazji pie̜ćsetnego aniwersarzu / Wiktor Frantz
Verfasser:
Ausgabe: Wyd. 1
Veröffentlicht: Kraków : Wydawn. Literackie, 1974
Umfang: 127, [17] S. : Ill.
Format: Buch
Sprache: Polnisch
Schlagworte:
Kein Bild verfügbar
X
Lokale Klassifikation: 32 15 H
alg: 19494658
001A    $03004:14-02-08 
001B    $00036:19-09-24 $t11:55:30.000 
001C    $03004:14-02-08 $t16:38:07.000 
001D    $03004:14-02-08 
001U    $0utf8 
001X    $00 
002@    $0Aar 
003@    $0194946584 
003O    $0256617966 $aOCoLC 
007A    $0194946584 $aHEB 
007T    $0Herdhh194946584 
010@    $apol 
011@    $a1974 
021A    $aW gnieździe drukarstwa polskiego $dz okazji pie̜ćsetnego aniwersarzu $hWiktor Frantz 
028A    $7 $8Frantz, Wiktor [Tnd] $9139037802 
032@    $aWyd. 1 
033A    $pKraków $nWydawn. Literackie 
034D    $a127, [17] S. 
034M    $aIll. 
044K    $qK10plus $RKongresspolen $RWestgalizien $#Generalgouvernement Polen $#Polska $#Rzeczpospolita Polska $#Polska Rzeczpospolita Ludowa $#Poland $#Pologne $#République Polonaise $#Generalne Gubernatorstwo w Polsce $#Polish People's Republic $#Polska Rzeczpospolita Polen $#PRL $#RP $#Polen Generalgouvernement $#Polska Generalgouvernement $#Besetzte Polnische Gebiete $#Besetztes Gebiet in Polen $#Okupowane Polskie Obszary $#Obszary Okupowane w Polsce $#Volksrepublik Polen $#Polska Rosyjska $#Republic Polen $#Respublika Pol'ša $#Pol'skaja Narodnaja Respublika $#République de Pologne $#Polen Links der Weichsel $#Polska po Lewej Stronie Wisły $#Lenkija $#Polija $#Gubernija Carstva Pol'skago $#Republik Polen $74046496-9 $8Polen [Tg1] $9085129801 
044K    $qK10plus $RHochdruck $RDruckwerk $#Printing $#Imprimerie $74008598-3 $8Buchdruck [Ts1] $9085015032 
045F    $a002.09438 $eDDC23BSB 
045F/01 $a002.09 
045F/03 $g438 
045G    $a020.9438 $eDDC23BSB 
045G/01 $a020 
045G/03 $g438 

lok: 19494658 13

exp: 19494658 13 1 #EPN
201B/01 $019-09-24 $t11:54:19.000 
201C/01 $019-09-24 
201U/01 $0utf8 
203@/01 $01274668387 
208@/01 $a19-09-24 $bz 
209A/01 $a18/14926 $ds $f369 $h18 14926 $x00 
209C/01 $a75.89 
247C/01 $8655369-2 <36a>Mainz, Gutenberg-Museum Mainz, Bibliothek $9405782705 

lok: 19494658 24
101B    $014-02-08 $t16:38:45.000 
101C    $014-02-08 
101U    $0utf8 
145Z/01 $a32 15 H 

exp: 19494658 24 1 #EPN
201B/01 $014-02-08 $t16:38:07.000 
201C/01 $014-02-08 
201U/01 $0utf8 
203@/01 $0524813000 
208@/01 $a14-02-08 $br 
209A/01 $a32 XV H 25 $du $f050 $h32 15 H 25 $x00 
209C/01 $aK 74.2869 $h74 2869 K 
209G/01 $a72034678 $x00 
220C/01 $aneu 
247C/01 $8358050-7 Marburg, Bibliothek des Herder-Instituts Marburg $9102600961 

lok: 19494658 78

exp: 19494658 78 1 #EPN
201B/01 $019-04-17 $t21:10:26.000 
201U/01 $0utf8 
203@/01 $0794503349 
208@/01 $a12-11-16 $be 
209A/01 $a/ $f000 $x00 
237A/01 $aweiterführende Signatur(en): Herder-Institut: 32 XV H 25 
244Z/01 $2Trx $#Poola $#Lenkija $#Polija $#Polen Land $#Poland $#Lengyelország $#Poľsko $#Polsko $8--Trx--Polska$gkraj $x01 $9391345966 
244Z/01 $2Trx $8--Trx--Monographie $x02 $9391384546 
245Z/01 $a11.06 $x01 
247C/01 $82080>Marburg/Lahn, Herder-Institut, Forschungsbibliothek, Bibliographieportal $9336309341
LEADER 00000cam a22000002c 4500
001 194946584
003 DE-603
005 20240919115530.0
007 tu
008 080214s1974 xx |||| | u00||u|pol c
035 |a (DE-599)HEB194946584 
035 |a (OCoLC)256617966 
040 |a DE-603  |b ger  |c DE-603  |d DE-603 
041 |a pol 
082 0 4 |8 1\u  |a 002.09438  |q DE-101  |2 23/BSB 
083 0 |8 2\u  |a 020.9438  |q DE-101  |2 23/BSB 
085 |8 1\u  |b 002.09 
085 |8 1\u  |z 2  |s 438 
085 |8 2\u  |b 020 
085 |8 2\u  |z 2  |s 438 
100 1 |a Frantz, Wiktor  |0 (DE-603)139037802 
245 0 0 |a W gnieździe drukarstwa polskiego  |b z okazji pie̜ćsetnego aniwersarzu  |c Wiktor Frantz 
250 |a Wyd. 1 
264 1 |a Kraków  |b Wydawn. Literackie  |c 1974 
300 |a 127, [17] S.  |b Ill. 
650 7 |a Buchdruck  |0 (DE-588)4008598-3  |0 (DE-603)085015032  |2 gnd 
651 7 |a Polen  |0 (DE-588)4046496-9  |0 (DE-603)085129801  |2 gnd 
924 0 |9 36a  |a (DE-603)1274668387  |b DE-36a  |c HES  |d d  |g 18/14926 
924 0 |9 Mb 50  |a (DE-603)524813000  |b DE-Mb50  |c HES  |d c  |g 32 XV H 25 
924 0 |9 2080  |a (DE-603)794503349  |b DE-2080  |c HES  |d d  |g /